Ako komunikovať s trhom

Bibliographic Details
Main Author: Szarková, Miroslava, 1951- (Author)
Format: Book
Language:Slovak
PhysicalDescription:43 strán schémy, tabuľky 21 cm
Published: Bratislava Slovenské pedagogické nakladateľstvo 1992
ISBN:800801816X
Edition:1. vyd.
Subjects:

MARC

LEADER 00000cam a2200000 a 4500
001 vtls001068579
003 SK-MaSNL
005 20260301061939.0
008 240226s1992 xo l frnf 000 0 slo
015 |a SNBA1992/08 
020 |a 800801816X  |q (brožované) 
035 |a SNK000011409 
035 |a BAD335FA-53FD-4C8B-A609-2E8B533E7B49 
035 |a urn:nbn:sk:snk-am00ieck 
040 |a SNK  |b slo  |c SNK  |e AACR2 
041 0 |a slo 
044 |a xo  |c SK 
072 7 |a 339  |x Obchod  |2 konspekt 
080 |a 339.13(035)  |2 1981 
080 |a 339.138  |2 2011 
080 |a (035)  |2 2011 
080 |a 658.8:005.52  |2 2011 
080 |a 339.923  |2 2011 
100 1 |a Szarková, Miroslava,  |d 1951-  |4 aut  |9 199829 
245 1 0 |a Ako komunikovať s trhom  |c Miroslava Szarková 
250 |a 1. vyd. 
260 |a Bratislava  |b Slovenské pedagogické nakladateľstvo  |c 1992  |e Bratislava  |f FOTO-SET 
300 |a 43 strán  |b schémy, tabuľky  |c 21 cm 
504 |a Bibliografia na strane 37 
650 0 7 |a marketing  |2 SNKPH  |9 2299 
650 0 7 |a marketingový výskum  |2 SNKPH  |9 3723 
650 0 7 |a vnútorný trh  |2 SNKPH  |9 51647 
655 7 |a príručky  |2 SNKPH  |9 74364 
852 |a Slovenská národná knižnica 
919 |a 80-08-01816-X 
954 |a odborná, vedecká literatúra pôvodná (slovenská)  |2 lita 
958 |a NB 
958 |a TL 
958 |a OND 
958 |a EUIPO 
999 |c 618878  |d 620808 
952 |t P60, <04>, [BOOK], {604}  |a SNK  |b SNK  |y VYP  |7 0  |p 17A0058182  |o snkSC 82007 D1  |0 0  |1 0  |4 0  |d 1997-04-01  |l 0  |r 2004-12-31 00:00:00  |w 2026-02-23 
952 |a SNK  |b SNK  |y PREZ  |7 0  |p 17A0995238  |o snkSC 82007  |i snkKSP 5504/92  |0 0  |1 0  |4 0  |d 2012-08-15  |f 1  |l 0  |r 2025-08-18 00:00:00  |w 2026-02-23